000 00403nam a2200157Ia 4500
999 _c531841
_d531841
005 20191029152611.0
008 190125s9999 xx 000 0 und d
040 _cDLC
082 _a388.4
_bHAN
100 _aSusan Hanson
_913603
245 _aThe Geography of Urban Transportation /
250 _a3rd
260 _bThe Guilford Press
_aNew York
_c2004
300 _axii, 419 p. :
942 _2ddc
_cBK